书目信息 |
| 题名: |
原子核反应堆
|
|
| 作者: | 罗安仁 著 | |
| 分册: | ||
| 出版信息: | 北京 北京出版社 1979 |
|
| 页数: | 79页 | |
| 开本: | 19cm | |
| 丛书名: | 自然科学小丛书 | |
| 单 册: | ||
| 中图分类: | G634.7 , TL3-49 | |
| 科图分类: | ||
| 主题词: | 反应堆--普及读物 , 教育--各级 | |
| 电子资源: | ||
| ISBN: | ||
| 000 | 00704nam2 2200277 45 | |
| 001 | 0179005609 | |
| 005 | 20060810083457.00 | |
| 010 | @dCNY0.19 | |
| 091 | @aCN@b13071.55 | |
| 100 | @a19950731d1979 em y0chiy0121 ea | |
| 101 | 0 | @achi |
| 102 | @aCN@b110000 | |
| 105 | @ay z 000yy | |
| 200 | 10 | @a原子核反应堆@Ayuan zi he fan ying dui@f罗安仁著 |
| 205 | @a2版 | |
| 210 | @a北京@c北京出版社@d1979 | |
| 215 | @a79页@d19cm | |
| 225 | 2 | @a自然科学小丛书 |
| 410 | 0 | @120010@a自然科学小丛书 |
| 606 | @a反应堆@x普及读物 | |
| 606 | 0 | @a教育@x各级 |
| 690 | @aG634.7@v3 | |
| 690 | @aTL3-49@v3 | |
| 701 | 0 | @a罗安仁@Aluo an ren@4著 |
| 801 | 0 | @aCN@bTSSF@c20060810 |
| 905 | @a10447@dG634.7@e273 | |
| 原子核反应堆/罗安仁著.-2版.-北京:北京出版社,1979 |
| 79页;19cm.-(自然科学小丛书) |
| ISBN :CNY0.19 |
| ● |
| 相关链接 |
|
|
|
|
正题名:原子核反应堆
索取号:G634.7/273
 
预约/预借
| 序号 | 登录号 | 条形码 | 馆藏地/架位号 | 状态 | 备注 |
| 1 | 0447796 | 204477967 | 第一样本阅览室/ [索取号:G634.7/273] | 在馆 | |
| 2 | 0448222 | 204482229 | 密集书库/ [索取号:G634.7/273] | 在馆 | |
| 3 | 0448223 | 204482238 | 密集书库/ [索取号:G634.7/273] | 在馆 |